<?xml version="1.0" encoding="UTF-8"?>
<record
    xmlns:xsi="http://www.w3.org/2001/XMLSchema-instance"
    xsi:schemaLocation="http://www.loc.gov/MARC21/slim http://www.loc.gov/standards/marcxml/schema/MARC21slim.xsd"
    xmlns="http://www.loc.gov/MARC21/slim">

  <leader>01386nam a2200217Ia 4500</leader>
  <datafield tag="999" ind1=" " ind2=" ">
    <subfield code="c">2616</subfield>
    <subfield code="d">2616</subfield>
  </datafield>
  <controlfield tag="008">200103s     2001      ||||xx |||||||||||||| ||und||</controlfield>
  <datafield tag="020" ind1=" " ind2=" ">
    <subfield code="a">9780521800846</subfield>
  </datafield>
  <datafield tag="082" ind1=" " ind2=" ">
    <subfield code="a">523.80223</subfield>
    <subfield code="b">TIR</subfield>
  </datafield>
  <datafield tag="100" ind1=" " ind2=" ">
    <subfield code="a">Tirion, Wil</subfield>
  </datafield>
  <datafield tag="245" ind1=" " ind2="4">
    <subfield code="a">Cambridge star atlas</subfield>
  </datafield>
  <datafield tag="250" ind1=" " ind2=" ">
    <subfield code="a">3rd</subfield>
  </datafield>
  <datafield tag="260" ind1=" " ind2=" ">
    <subfield code="b">Cambridge University Press</subfield>
    <subfield code="c">2001</subfield>
    <subfield code="a">Cambridge</subfield>
  </datafield>
  <datafield tag="300" ind1=" " ind2=" ">
    <subfield code="a">vi, 90 p.: col. ill.</subfield>
  </datafield>
  <datafield tag="504" ind1=" " ind2=" ">
    <subfield code="a">Contents

Cover
The Cambridge Star Atlas
Title
Copyright
CONTENTS
PREFACE
THE MOON
Observing the Moon
Different orientations of the Moon
SEASONAL SKY MAPS
Choosing the right map
THE MESSIER OBJECTS
STAR CHARTS
Stars
Magnitudes
Stars names
Constellations
Variable stars
Double stars
Open and globular clusters
Diffuse and planetary nebulae
Galaxies
The Galactic Equator
The ecliptic
The Moon and the planets
Abbreviations used in the star chart tables
ALL-SKY MAPS
The constellations
Distribution of open clusters
Distribution of globular clusters
Distribution of diffuse nebulae
Distribution of planetary nebulaDistribution of galaxies
EXOPLANET
SOURCES AND REFERENCES
Catalogues
Atlases
</subfield>
  </datafield>
  <datafield tag="520" ind1=" " ind2=" ">
    <subfield code="a">Ideal for astronomers worldwide, the fourth edition of this classic atlas features new Moon maps, new data and enhanced charts.</subfield>
  </datafield>
  <datafield tag="650" ind1=" " ind2=" ">
    <subfield code="a">Stars</subfield>
  </datafield>
  <datafield tag="650" ind1=" " ind2=" ">
    <subfield code="a">Northern Hemisphere</subfield>
  </datafield>
  <datafield tag="650" ind1=" " ind2=" ">
    <subfield code="a">Southern Hemisphere</subfield>
  </datafield>
  <datafield tag="650" ind1=" " ind2=" ">
    <subfield code="a">Astronomy</subfield>
  </datafield>
  <datafield tag="942" ind1=" " ind2=" ">
    <subfield code="c">BK</subfield>
  </datafield>
  <datafield tag="952" ind1=" " ind2=" ">
    <subfield code="0">0</subfield>
    <subfield code="1">0</subfield>
    <subfield code="2">ddc</subfield>
    <subfield code="4">0</subfield>
    <subfield code="6">523_802230000000000_TIR</subfield>
    <subfield code="7">0</subfield>
    <subfield code="8">NFIC</subfield>
    <subfield code="9">3721</subfield>
    <subfield code="a">MU</subfield>
    <subfield code="b">MU</subfield>
    <subfield code="c">GEN</subfield>
    <subfield code="d">2020-01-08</subfield>
    <subfield code="o">523.80223 TIR</subfield>
    <subfield code="p">LBS11752</subfield>
    <subfield code="r">2025-03-17</subfield>
    <subfield code="y">RT</subfield>
    <subfield code="z">Column - 1</subfield>
  </datafield>
</record>
